000 00659nam a2200181 i 4500
001 69694
003 ES-MaACL
005 20250809041921.0
007 t|
008 040709s1865 sp ||||1| spa d
080 _a34(363.62)
100 1 _aGarcía y García, José.
_955433
245 1 0 _aHistoria de la ley primitiva de los visigodos y descubrimiento de algunos de sus capítulos
_b: discurso leído en el acto de recibir la investidura de doctor /
_cJosé García y García.
260 _aMadrid :
_b[s.n.],
_c1865 (
_fEstab. tip. de T. Fontanet)
650 7 _aDerecho visigodo
_2embne
_9155466
852 4 _aES-MaACL
_jT-66-F-13
999 _c69694
_d69694